Vinte e cinco anos : (Record no. 1559)

MARC details
000 -LÍDER
Campo Fixo de Controle 00685nam a2200217 a 4500
001 - NÚMERO DE CONTROLE
Campo de Controle 1559
003 - IDENTIFICAÇÃO DO NÚMERO DE CONTROLE
Campo de Controle BR-CuiBMT
005 - DATA E HORA DA ÚLTIMA ATUALIZAÇÃO
Campo de Controle 20231215185833.0
008 - DADOS FIXOS
Dados Fixos 231215s2016 amba 000 0 por d
040 ## - AGÊNCIA CATALOGADORA
Código da Agência Catalogadora BR-CuiBMT
Agência que transcreveu o registro BR-CuiBMT
080 ## - Nº DA CLASSIFICAÇÃO DECIMAL UNIVERSAL
Nº edição CDU 2007
Nº Class. CDU 351.94:336.148
Subd. Auxiliar Comum (811.4)
090 ## - NÚMERO DE CHAMADA
Nº classificação 351.94:336.148(811.4)
Cutter T822v
110 1# - ENTRADA PRINCIPAL -- ENTIDADE
Nome da entidade ou lugar Tribunal de Contas de Roraima
240 10 - TÍTULO UNIFORME/ORIGINAL
Idioma da publicação português
245 10 - TÍTULO PRINCIPAL
Título principal Vinte e cinco anos :
Subtítulo jubileu de prata : 1991-2016 /
Indicação de responsabilidade Tribunal de Contas de Roraima.
260 ## - PUBLICAÇÃO, DISTRIBUIÇÃO, ETC.
Local de publicação Manaus :
Editora Gráfica Ziló,
Data 2016.
300 ## - DESCRIÇÃO FÍSICA
N. páginas ou volumes 101 p. :
Ilustrações il. color. ;
Dimensões 26 cm
650 ## - ASSUNTO TÓPICO
Cabeçalho tópico ou nome geográfico Tribunal de Contas
Subdivisão geográfica Roraima
650 ## - ASSUNTO TÓPICO
Cabeçalho tópico ou nome geográfico Tribunal de Contas
Subdivisão geográfica história
942 ## - ELEMENTOS DE ENTRADA ADICIONAIS (KOHA)
Fonte de classificação ou esquema de arquivamento Classificação Decimal Universal
Tipo de item do Koha Livros
Holdings
Estado: removido Estado: perdido Fonte de classificação ou esquema de arquivamento Estado: danificado Indisponível para empréstimo Localização permanente Localização atual Data de aquisição Total Checkouts Número de Chamada completo Código de barras Date last seen Número do exemplar Preço efetivo a partir de Tipo de item (Koha)
    Classificação Decimal Universal     Biblioteca da Escola Superior de Contas do TCE/MT Biblioteca da Escola Superior de Contas do TCE/MT 15/12/2023   351.94:336.148(811.4) T822v BIBTCEMT23120555 15/12/2023 Ex. 1 15/12/2023 Livros

Powered by Koha